| 000 | 00705nam a2200193 i 4500 | ||
|---|---|---|---|
| 001 | 94491 | ||
| 003 | ES-MaACL | ||
| 005 | 20250627063642.0 | ||
| 007 | t| | ||
| 008 | 050506s1961 sp ||||1| spa d | ||
| 100 | 1 |
_aLorén, Santiago, _d1918-2010 _974093 |
|
| 245 | 1 | 0 |
_aMateo José Buenaventura Orfila _b: estudio crítico-biográfico / _cSantiago Lorén Esteban. |
| 260 |
_aZaragoza : _bInstitución "Fernando el Católico" de la Diputación Provincial, _c1961. |
||
| 300 |
_a150 p. : _b1 lám. ; _c24 cm. |
||
| 600 | 1 | 4 |
_aOrfila y Rotger, Mateo ( _d1787-1853) _9130684 |
| 710 | 2 |
_aInstitución "Fernando el Católico" _94721 |
|
| 852 |
_aES-MaACL _jC-20351 _bR.48678 |
||
| 999 |
_c94491 _d94491 |
||